ARRUPE JESUIT UNIVERSITY

CORONAVIRUS -STOP THE SPREAD - CLEAN,DISINFECT,COVER

Tristram of Lyonesse,and other poems, (Record no. 121942)

MARC details
000 -LEADER
fixed length control field 00687cam a22002411 4500
001 - CONTROL NUMBER
control field 465581
003 - CONTROL NUMBER IDENTIFIER
control field ARRUPE
005 - DATE AND TIME OF LATEST TRANSACTION
control field 20150421150407.0
008 - FIXED-LENGTH DATA ELEMENTS--GENERAL INFORMATION
fixed length control field 860425s1899 enk 000 0 eng d
035 ## - SYSTEM CONTROL NUMBER
System control number (OCoLC)505197774
035 ## - SYSTEM CONTROL NUMBER
System control number (OCoLC)ocn505197774
035 ## - SYSTEM CONTROL NUMBER
System control number (CStRLIN)NYCG86-B42435
035 ## - SYSTEM CONTROL NUMBER
System control number (NNC)465581
040 ## - CATALOGING SOURCE
Original cataloging agency NNC
Transcribing agency NNC
300 ## - PHYSICAL DESCRIPTION
Dimensions 20 cm.
100 1# - MAIN ENTRY--PERSONAL NAME
Personal name Swinburne, Algernon Charles,
Dates associated with a name 1837-1909.
9 (RLIN) 14795
245 10 - TITLE STATEMENT
Title Tristram of Lyonesse,and other poems,
Statement of responsibility, etc by Algernon Charles Swinburne.
250 ## - EDITION STATEMENT
Edition statement 6th ed.
260 ## - PUBLICATION, DISTRIBUTION, ETC. (IMPRINT)
Place of publication, distribution, etc London,
Name of publisher, distributor, etc Chatto & Windus,
Date of publication, distribution, etc 1899.
300 ## - PHYSICAL DESCRIPTION
Extent xi, 361 p., 1 l.
500 ## - GENERAL NOTE
General note "Sixth edition."
942 ## - ADDED ENTRY ELEMENTS (KOHA)
Source of classification or shelving scheme Library of Congress Classification
Koha item type Monograph ( Printed materials)
Holdings
Withdrawn status Lost status Source of classification or shelving scheme Damaged status Not for loan Collection code Home library Current library Shelving location Date acquired Total Checkouts Full call number Barcode Date last seen Price effective from Koha item type
    Library of Congress Classification     Main Collection ARRUPE LIBRARY ARRUPE LIBRARY Main Collection 29/01/2015   PR5506.T6 1899 46500002992 05/03/2015 29/01/2015 Monograph ( Printed materials)

 

Arrupe Library. PO Box MP320 Mt Pleasant, Harare, Zimbabwe
263 242 745411|librarian@aju.ac.zw